Martin Scorsese Movies - Sudden Death - Statistics

General Stats
  • This quiz has been taken 17,308 times
    16,162 since last reset
  • The average score is 13 of 21
Answers on the Grid
Answers color-coded by a green-red scale on the quiz's grid according to % correct below.
After Hours
Amistad
Being John Malkovich
Black Hawk Down
Cape Fear
Casino
Gangs of New York
Goodfellas
Hugo
Inception
Killers of the Flower Moon
L. A. Confidential
Last Tango in Paris
Mean Streets
New York, New York
No Country For Old Men
Raging Bull
Scarface
Shutter Island
Silence
Taxi Driver
The Age of Innocence
The Aviator
The Beach
The Color of Money
The Cotton Club
The Departed
The Irishman
The King of Comedy
The Last Temptation of Christ
The Revenant
The Wolf of Wall Street
Vanilla Sky
 
Answer Stats
Answer % Correct
Goodfellas
85%
Taxi Driver
83%
The Irishman
81%
The Wolf of Wall Street
80%
Gangs of New York
76%
The Departed
75%
Casino
73%
Raging Bull
73%
Shutter Island
71%
Killers of the Flower Moon
68%
The Aviator
60%
Cape Fear
53%
Mean Streets
51%
New York, New York
48%
The King of Comedy
47%
Hugo
45%
The Last Temptation of Christ
44%
The Color of Money
43%
After Hours
40%
The Age of Innocence
40%
Silence
37%
No matching quizzes found
Score Distribution
Percent of People with Each Score
Percentile by Number Answered
Your Score History
You have not taken this quiz since the last reset